The making of Pakistani human bombs/ (Record no. 86943)
[ view plain ]
| 000 -LEADER | |
|---|---|
| fixed length control field | 00464nam a2200181Ia 4500 |
| 001 - CONTROL NUMBER | |
| control field | 73799 |
| 008 - FIXED-LENGTH DATA ELEMENTS--GENERAL INFORMATION | |
| fixed length control field | 160804s9999||||xx |||||||||||||| ||und|| |
| 020 ## - INTERNATIONAL STANDARD BOOK NUMBER | |
| International Standard Book Number | 9781498516488 |
| 040 ## - CATALOGING SOURCE | |
| Transcribing agency | PK-LaUMT |
| 082 ## - DEWEY DECIMAL CLASSIFICATION NUMBER | |
| Classification number | 363.325065491 |
| Item number | KHU-M |
| 100 ## - MAIN ENTRY--PERSONAL NAME | |
| Personal name | Khuram Iqbal |
| 245 #4 - TITLE STATEMENT | |
| Title | The making of Pakistani human bombs/ |
| Statement of responsibility, etc | Khuram Iqbal |
| 260 ## - PUBLICATION, DISTRIBUTION, ETC. (IMPRINT) | |
| Place of publication, distribution, etc | Lanham: |
| Name of publisher, distributor, etc | Lexington Books, |
| Date of publication, distribution, etc | 2015 |
| 300 ## - PHYSICAL DESCRIPTION | |
| Extent | 213 p |
| 546 ## - LANGUAGE NOTE | |
| Language note | EN |
| 650 ## - SUBJECT ADDED ENTRY--TOPICAL TERM | |
| Topical term or geographic name as entry element | Suicide bombing-Pakistan |
| 942 ## - ADDED ENTRY ELEMENTS (KOHA) | |
| Koha item type | Books |
| Withdrawn status | Lost status | Damaged status | Not for loan | Home library | Current library | Date acquired | Total Checkouts | Full call number | Barcode | Date last seen | Price effective from | Koha item type |
|---|---|---|---|---|---|---|---|---|---|---|---|---|
| UMT Main Campus | UMT Main Campus | 2016-04-08 | 363.325065491 KHU-M | 101142 | 2016-08-04 | 2016-08-04 | Books |
